[Event "Ch BLR 2014 w"]
[Site "?"]
[Date "2014.01.16"]
[Round "6.2"]
[White "Stetsko, Lanita"]
[Black "Bogdan, Ekaterina"]
[Result "1/2-1/2"]
[WhiteElo "2245"]
[BlackElo "2043"]
[PlyCount "216"]
[EventDate "2014.??.??"]

1. e4 e6 2. d4 d5 3. e5 c5 4. c3 Qb6 5. Nf3 Bd7 6. a3 Bb5 7. Bxb5+ Qxb5 8. a4
Qb6 9. dxc5 Qxc5 10. b4 Qc7 11. O-O Ne7 12. Bf4 Nbc6 13. Re1 Ng6 14. Bg3 Be7
15. Na3 a6 16. Nc2 Rc8 17. Rc1 O-O 18. h4 Rfd8 19. h5 Nf8 20. Qd2 h6 21. Bf4
Qd7 22. a5 d4 23. cxd4 Na7 24. Ne3 Qa4 25. Rxc8 Rxc8 26. Rb1 Nc6 27. d5 Bxb4
28. Qb2 exd5 29. Nxd5 Bxa5 30. Ra1 Qc4 31. Qxb7 Rb8 32. Ne7+ Nxe7 33. Qxb8 Qxf4
34. Rxa5 Nc6 35. Qb6 Nxa5 36. Qxa5 Qc1+ 37. Kh2 Qc4 38. g3 Ne6 39. Nd2 Qc5 40.
Qxc5 Nxc5 41. Nc4 Kf8 42. f4 Ke7 43. g4 Ke6 44. f5+ Kd5 45. g5 Ne4 46. g6 fxg6
47. hxg6 Ng5 48. f6 Ne6 49. Ne3+ Kxe5 50. Ng4+ Kd5 51. f7 Nf8 52. Nxh6 a5 53.
Nf5 a4 54. Nxg7 a3 55. Nh5 Nxg6 56. Nf4+ Ke4 57. Nxg6 a2 58. f8=Q a1=Q 59. Qe7+
Kf5 60. Nh4+ Kg4 61. Qe4+ Kh5 62. Nf5 Kg5 63. Ne3 Qb2+ 64. Kg3 Qb8+ 65. Kf3
Qf8+ 66. Ke2 Qf4 67. Qd5+ Kf6 68. Qh5 Qe5 69. Qh8+ Ke6 70. Qg8+ Ke7 71. Kd3
Qb5+ 72. Ke4 Qb4+ 73. Kf3 Qc3 74. Qh7+ Ke6 75. Qe4+ Kf7 76. Kf4 Qd2 77. Qf5+
Ke7 78. Kf3 Qc3 79. Qe4+ Kf7 80. Kf4 Qd2 81. Qf5+ Ke7 82. Qe5+ Kf7 83. Kf5 Qd3+
84. Kf4 Qd2 85. Qc7+ Ke6 86. Qc4+ Kf6 87. Ke4 Qe1 88. Qc6+ Ke7 89. Qc5+ Kf7 90.
Kd5 Qh1+ 91. Kd6 Qh2+ 92. Kd7 Qh3+ 93. Nf5 Kg6 94. Ke6 Qg4 95. Qd5 Qh3 96. Qb5
Kg5 97. Qd5 Kg6 98. Qe4 Kg5 99. Qb1 Qg4 100. Qd3 Kg6 101. Ke5 Qg5 102. Qd7 Kh5
103. Qh7+ Kg4 104. Ke6 Kf4 105. Qh2+ Ke4 106. Qe2+ Kf4 107. Qd2+ Kg4 108. Qg2+
Kf4 1/2-1/2

[Event "Ch BLR 2014 w"]
[Site "?"]
[Date "2014.01.16"]
[Round "6.3"]
[White "Kasperovich, Ekaterina"]
[Black "Nevioselaya, Maria"]
[Result "1/2-1/2"]
[WhiteElo "2029"]
[BlackElo "2087"]
[PlyCount "88"]
[EventDate "2014.??.??"]

1. d4 d5 2. c4 c6 3. Nf3 Nf6 4. e3 a6 5. Bd3 Bg4 6. Nbd2 e6 7. Qc2 Bd6 8. b3
Nbd7 9. Bb2 Bh5 10. O-O Bg6 11. e4 dxe4 12. Nxe4 Nxe4 13. Bxe4 Nf6 14. Bxg6
hxg6 15. Rfe1 Qc7 16. g3 Rh5 17. Rac1 g5 18. d5 g4 19. Nd4 O-O-O 20. c5 Rdh8
21. cxd6 Rxh2 22. Kf1 Qxd6 23. dxc6 b6 24. Qc4 b5 25. Qc5 Qc7 26. Nxb5 axb5 27.
Qxb5 R8h5 28. Rc5 Rh1+ 29. Ke2 Rxe1+ 30. Kxe1 Rxc5 31. Qxc5 Qd8 32. Qa7 Qd6 33.
Qb7+ Kd8 34. Bxf6+ gxf6 35. a4 Qe5+ 36. Kf1 Qd6 37. a5 Qd3+ 38. Ke1 Qc3+ 39.
Kd1 Qd3+ 40. Kc1 Qc3+ 41. Kb1 Qd3+ 42. Kb2 Qd2+ 43. Kb1 Qd3+ 44. Kc1 Qc3+
1/2-1/2

[Event "Ch BLR 2014 w"]
[Site "?"]
[Date "2014.01.16"]
[Round "6.4"]
[White "Revo, Tatiana"]
[Black "Beinenson, Katsiaryna"]
[Result "1/2-1/2"]
[WhiteElo "2079"]
[BlackElo "1990"]
[PlyCount "87"]
[EventDate "2014.??.??"]

1. e4 c5 2. Nf3 Nc6 3. Bb5 g6 4. Bxc6 dxc6 5. d3 Bg7 6. h3 e5 7. O-O Ne7 8. Be3
b6 9. a4 a5 10. Na3 O-O 11. Nc4 Qc7 12. b4 axb4 13. a5 bxa5 14. Bxc5 Be6 15.
Nxa5 Rxa5 16. Rxa5 Qxa5 17. Bxe7 Re8 18. Bg5 Ra8 19. Qd2 c5 20. Bh6 f6 21. Qe3
Qb5 22. Nh2 Bxh6 23. Qxh6 c4 24. dxc4 Qxc4 25. Qd2 Qxe4 26. f4 Bc4 27. Ng4 Qd4+
28. Qxd4 exd4 29. Rb1 Ra2 30. Rxb4 Rxc2 31. Rb7 Rxg2+ 32. Kh1 Rxg4 33. Rb8+ Kf7
34. hxg4 d3 35. Rd8 Be6 36. g5 fxg5 37. fxg5 Bf5 38. Kg2 Ke6 39. Kf3 Ke5 40.
Rh8 Be6 41. Rxh7 Kf5 42. Re7 Bb3 43. Rd7 Kxg5 44. Ke4 1/2-1/2

[Event "Ch BLR 2014 w"]
[Site "?"]
[Date "2014.01.16"]
[Round "6.5"]
[White "Malatsilava, Volha"]
[Black "Ilyuchyk, Yana"]
[Result "1-0"]
[WhiteElo "1039"]
[BlackElo "1918"]
[PlyCount "103"]
[EventDate "2014.??.??"]

1. e4 c5 2. Nf3 d6 3. d4 cxd4 4. Nxd4 Nf6 5. Nc3 g6 6. Be3 Bg7 7. f3 Nc6 8. Bc4
a6 9. Qd2 Bd7 10. Bb3 Na5 11. O-O-O Nxb3+ 12. Nxb3 b5 13. Bd4 O-O 14. g4 e5 15.
Be3 Rc8 16. Qxd6 Be6 17. Qxa6 Qc7 18. Qd6 Qxd6 19. Rxd6 b4 20. Nd5 Bxd5 21.
exd5 Rfd8 22. Rxd8+ Rxd8 23. g5 Nh5 24. Rd1 Nf4 25. d6 Ne2+ 26. Kb1 Nd4 27. f4
Nxb3 28. axb3 Rd7 29. Rd5 exf4 30. Bxf4 f6 31. gxf6 Bxf6 32. Rb5 h5 33. h3 Kf7
34. Rxb4 Ke6 35. c4 Be5 36. c5 Rf7 37. Bxe5 Kxe5 38. Rb8 Kd5 39. b4 Rg7 40. Rc8
Ke6 41. Re8+ Kd5 42. Rc8 Ke6 43. Re8+ Kd5 44. h4 g5 45. hxg5 Kc6 46. Rc8+ Kd5
47. Rh8 Kc6 48. Rxh5 Rb7 49. g6 Rxb4 50. Rg5 Rb8 51. g7 Rg8 52. Kc2 1-0

[Event "Ch BLR 2014 w"]
[Site "?"]
[Date "2014.01.16"]
[Round "7.1"]
[White "Bogdan, Ekaterina"]
[Black "Kaliadzich, Maryia"]
[Result "0-1"]
[WhiteElo "2043"]
[BlackElo "2003"]
[PlyCount "82"]
[EventDate "2014.??.??"]

1. e4 c5 2. f4 e6 3. Nf3 Nc6 4. Bb5 Nge7 5. O-O a6 6. Be2 d5 7. d3 g6 8. Be3
Bg7 9. c3 d4 10. Bd2 O-O 11. Na3 b5 12. Rc1 Bb7 13. g4 c4 14. Be1 dxc3 15. bxc3
Qd6 16. Nc2 cxd3 17. Qxd3 Qxf4 18. Bg3 Qxg4 19. a4 Na5 20. Nd2 Qg5 21. Nd4 Nc4
22. Nxc4 bxc4 23. Qxc4 Qe3+ 24. Bf2 Qg5+ 25. Bg3 Rac8 26. Qd3 Rfd8 27. Qb1
Bxd4+ 28. cxd4 Rxc1 29. Rxc1 Bxe4 30. Qxe4 Qxc1+ 31. Kf2 Nf5 32. Be5 Qd2 33.
Bf6 Rd5 34. Qb1 Qe3+ 35. Kf1 Ng3+ 36. hxg3 Rf5+ 37. Qxf5 gxf5 38. Bxa6 Qxg3 39.
Be2 Qa3 40. Bb5 f4 41. Bh4 Qh3+ 0-1

[Event "Ch BLR 2014 w"]
[Site "?"]
[Date "2014.01.16"]
[Round "7.2"]
[White "Beinenson, Katsiaryna"]
[Black "Kasperovich, Ekaterina"]
[Result "1-0"]
[WhiteElo "1990"]
[BlackElo "2029"]
[PlyCount "81"]
[EventDate "2014.??.??"]

1. e4 e5 2. Nf3 Nc6 3. d4 exd4 4. Bc4 Bc5 5. c3 Nf6 6. e5 d5 7. Bb5 Ne4 8. Nxd4
O-O 9. Bxc6 bxc6 10. O-O f6 11. Be3 Bxd4 12. cxd4 Qe8 13. f3 Nd6 14. f4 Ba6 15.
Re1 Nc4 16. Bc1 fxe5 17. dxe5 Qg6 18. Nc3 Rad8 19. Qd4 Bc8 20. b3 Nb6 21. Ba3
Rfe8 22. Re3 Bf5 23. Rc1 Nd7 24. Ne2 Be4 25. Ng3 c5 26. Bxc5 Nxc5 27. Qxc5 Qg4
28. Nxe4 dxe4 29. Qc4+ Kh8 30. Qxe4 Rd2 31. h3 Qe6 32. Rxc7 Rxa2 33. f5 Qb6 34.
Rb7 Qh6 35. e6 Qg5 36. Kh2 Rf2 37. Rf7 Rf4 38. Qc6 Rg8 39. Rg3 Qh5 40. Rfxg7
Rxg7 41. Qc8+ 1-0

[Event "Ch BLR 2014 w"]
[Site "?"]
[Date "2014.01.16"]
[Round "7.3"]
[White "Uzlavataya, Anhelina"]
[Black "Malatsilava, Volha"]
[Result "0-1"]
[WhiteElo "1913"]
[BlackElo "1939"]
[PlyCount "114"]
[EventDate "2014.??.??"]

1. d4 Nf6 2. Nf3 g6 3. c4 Bg7 4. g3 O-O 5. Bg2 d6 6. O-O Nbd7 7. Nc3 e5 8. e4
exd4 9. Nxd4 Re8 10. h3 Nc5 11. Re1 Bd7 12. f3 h6 13. Be3 Qc8 14. Kh2 a5 15.
Qd2 Kh7 16. Rac1 a4 17. Nd5 Qd8 18. Ne2 Ne6 19. Nec3 Ng5 20. Bxg5 hxg5 21. Rcd1
b6 22. Kg1 Nxd5 23. cxd5 Rh8 24. Kf2 Kg8 25. Rh1 Qf6 26. Rc1 Rc8 27. Rc2 Re8
28. Qd3 Qe5 29. Ne2 Rc8 30. g4 f5 31. Ng3 fxg4 32. hxg4 Rxh1 33. Bxh1 Rf8 34.
Kg2 Qf4 35. Ne2 Qf6 36. Ng1 b5 37. Nh3 b4 38. Nf2 Bc8 39. Kf1 Qe5 40. Ke2 Qh2
41. Ke1 Be5 42. Qf1 b3 43. axb3 axb3 44. Rd2 Bf4 45. Rd1 Bg3 46. Qg2 Qh4 47.
Ke2 Ba6+ 48. Nd3 Bf4 49. Rb1 c5 50. Qg1 Rc8 51. Bg2 Qh8 52. Bf1 Bxd3+ 53. Kxd3
c4+ 54. Ke2 c3 55. bxc3 Qxc3 56. Bg2 Qd2+ 57. Kf1 b2 0-1

[Event "Ch BLR 2014 w"]
[Site "?"]
[Date "2014.01.16"]
[Round "7.4"]
[White "Ilyuchyk, Yana"]
[Black "Revo, Tatiana"]
[Result "0-1"]
[WhiteElo "1918"]
[BlackElo "2079"]
[PlyCount "80"]
[EventDate "2014.??.??"]

1. e4 c5 2. Nf3 d6 3. d4 cxd4 4. Nxd4 Nf6 5. Nc3 a6 6. Be2 e6 7. Be3 Be7 8. O-O
O-O 9. f4 Nc6 10. Kh1 Qc7 11. Bf3 Bd7 12. Nb3 Rac8 13. Na4 b5 14. Nb6 Rb8 15.
Nxd7 Nxd7 16. Qd2 Nb6 17. Bxb6 Qxb6 18. c3 b4 19. Rac1 a5 20. e5 d5 21. c4 a4
22. cxd5 exd5 23. Qxd5 axb3 24. Rxc6 Qe3 25. Qxb3 Qxf4 26. Re1 g6 27. Rc7 Rbe8
28. Rc4 Qf5 29. Rce4 Kg7 30. Bg4 Qg5 31. Bf3 Rc8 32. Rf1 Rc1 33. Ree1 Rxe1 34.
Rxe1 Re8 35. Qd1 Rd8 36. Qb3 Rd2 37. h3 Qg3 38. Rf1 Qxe5 39. Bg4 f5 40. Bf3 Bd6
0-1

[Event "Ch BLR 2014 w"]
[Site "?"]
[Date "2014.01.16"]
[Round "7.5"]
[White "Nevioselaya, Maria"]
[Black "Stetsko, Lanita"]
[Result "1/2-1/2"]
[WhiteElo "2087"]
[BlackElo "2245"]
[PlyCount "135"]
[EventDate "2014.??.??"]

1. e4 e5 2. Nf3 Nc6 3. Bb5 a6 4. Ba4 Nf6 5. O-O Be7 6. Re1 b5 7. Bb3 d6 8. c3
O-O 9. d4 Bg4 10. Be3 Bh5 11. h3 exd4 12. cxd4 d5 13. e5 Ne4 14. Nbd2 Nxd2 15.
Qxd2 Bxf3 16. Qc3 Rb8 17. gxf3 Rb6 18. Rf1 Qd7 19. Kh2 Nd8 20. Rg1 Ne6 21. Rg2
f5 22. f4 c6 23. Qd2 g6 24. Rag1 Kf7 25. Qc3 Bh4 26. Bd2 Ra8 27. Qe3 a5 28. Bc2
Ng7 29. Qe1 Rba6 30. Bd3 R6a7 31. a3 Nh5 32. Qe3 Ng7 33. Rc1 Ne6 34. f3 Be7 35.
Qf2 Ng7 36. Qe1 Ne6 37. Be3 c5 38. dxc5 d4 39. c6 Qd5 40. Bd2 Rc7 41. Qf1 Rxc6
42. Rxc6 Qxc6 43. Bxb5 Qb6 44. Bc4 Rc8 45. Be1 Rxc4 46. Qxc4 Qb7 47. Bxa5 Qxf3
48. Bd2 Bf8 49. Qe2 Qb3 50. Bc1 d3 51. Qd2 Bh6 52. Rf2 Nc5 53. Rf3 Ke6 54. Qc3
Qxc3 55. bxc3 Nb3 56. Be3 Kd5 57. Kg2 Kc4 58. Kf2 Kxc3 59. Ke1 Bf8 60. a4 Bb4
61. Kd1 Kc4 62. Rf2 Bc3 63. Bd2 Bd4 64. Rf3 Nc5 65. Be3 Bxe3 66. Rxe3 Kd4 67.
e6 Nxa4 68. Rxd3+ 1/2-1/2

[Event "Ch BLR 2014 w"]
[Site "?"]
[Date "2014.01.17"]
[Round "8.1"]
[White "Kaliadzich, Maryia"]
[Black "Nevioselaya, Maria"]
[Result "0-1"]
[WhiteElo "2003"]
[BlackElo "2087"]
[PlyCount "68"]
[EventDate "2014.??.??"]

1. Nf3 d5 2. d4 Nf6 3. e3 c6 4. Bd3 Bg4 5. c4 e6 6. Nbd2 Bd6 7. O-O Nbd7 8. b3
O-O 9. Bb2 Qe7 10. Qc2 e5 11. cxd5 Bxf3 12. gxf3 exd4 13. Bxd4 Nxd5 14. Bxh7+
Kh8 15. Ne4 Be5 16. Bf5 Bxd4 17. exd4 g6 18. Qd2 Kg7 19. Bxd7 Qxd7 20. Qg5 Rh8
21. Qe5+ f6 22. Qd6 Qf5 23. Nc5 Rh5 24. Ne6+ Kh6 25. Rae1 Re8 26. Re4 Qxf3 27.
Rfe1 f5 28. Qe5 Rg8 29. R4e2 Rh4 30. Re3 Nxe3 31. Rxe3 Rg4+ 32. Kf1 Qd1+ 33.
Re1 Qd3+ 34. Qe2 Qh3# 0-1

[Event "Ch BLR 2014 w"]
[Site "?"]
[Date "2014.01.17"]
[Round "8.1"]
[White "Stetsko, Lanita"]
[Black "Beinenson, Katsiaryna"]
[Result "1-0"]
[WhiteElo "2245"]
[BlackElo "1990"]
[PlyCount "103"]
[EventDate "2014.??.??"]

1. e4 c5 2. Nf3 Nc6 3. Bb5 g6 4. Bxc6 dxc6 5. h3 Bg7 6. d3 e5 7. O-O Ne7 8. a3
O-O 9. b4 cxb4 10. axb4 a5 11. Bb2 Qc7 12. Qd2 a4 13. c4 Rd8 14. Qc2 Qd6 15.
Rd1 b5 16. Na3 Ba6 17. Bc3 Rac8 18. c5 Qe6 19. Ng5 Qf6 20. Nf3 Qe6 21. Qb2 f6
22. Nc2 Re8 23. d4 exd4 24. Ncxd4 Qxe4 25. Re1 Qd5 26. Ne6 Qb3 27. Qxb3 axb3
28. Rxa6 Nd5 29. Bb2 Nxb4 30. Ra7 Bh8 31. Ned4 Nd3 32. Rb1 f5 33. Ba1 Nxc5 34.
Nxb3 Nxb3 35. Rxb3 Ra8 36. Rxa8 Rxa8 37. Bxh8 Kxh8 38. Ne5 Rc8 39. f4 Kg7 40.
Kf2 Kf6 41. Rc3 b4 42. Rc5 b3 43. Rc3 g5 44. g3 gxf4 45. gxf4 b2 46. Rb3 c5 47.
Rxb2 c4 48. Rb6+ Ke7 49. Rc6 Rxc6 50. Nxc6+ Kd6 51. Nd4 Kd5 52. Ke3 1-0

[Event "Ch BLR 2014 w"]
[Site "?"]
[Date "2014.01.17"]
[Round "8.1"]
[White "Kasperovich, Ekaterina"]
[Black "Ilyuchyk, Yana"]
[Result "1-0"]
[WhiteElo "2029"]
[BlackElo "1918"]
[PlyCount "101"]
[EventDate "2014.??.??"]

1. d4 Nf6 2. c4 g6 3. Nc3 d5 4. Nf3 Bg7 5. Qb3 c6 6. cxd5 cxd5 7. Bf4 O-O 8. e3
Nc6 9. h3 e6 10. Be2 Nh5 11. Bh2 f5 12. Nd2 Nf6 13. O-O a6 14. Rac1 Na5 15. Qc2
Bd7 16. b4 Nc6 17. Qb3 Bh6 18. Na4 Nxd4 19. exd4 Bxd2 20. Rc2 Bxa4 21. Qxa4 Ne4
22. Bd3 Bh6 23. b5 a5 24. Rb1 f4 25. f3 Ng3 26. b6 Bg7 27. Rc7 Qf6 28. Bxg3
fxg3 29. Rxb7 Qf4 30. Qd7 Qxd4+ 31. Kh1 Qf6 32. Re1 Rfd8 33. Qxe6+ Qxe6 34.
Rxe6 Re8 35. Rbe7 Rxe7 36. Rxe7 Rb8 37. b7 Kf8 38. Rc7 Be5 39. Rc8+ Ke7 40. Ba6
Kd7 41. Kg1 Bc7 42. h4 h6 43. f4 Kc6 44. h5 gxh5 45. f5 d4 46. Kf1 Kb6 47. f6
Ka7 48. Rxc7 Kxa6 49. f7 d3 50. Rc8 Rxb7 51. Ra8+ 1-0

[Event "Ch BLR 2014 w"]
[Site "?"]
[Date "2014.01.17"]
[Round "8.1"]
[White "Uzlavataya, Anhelina"]
[Black "Bogdan, Katsiaryna"]
[Result "0-1"]
[WhiteElo "1913"]
[BlackElo "2043"]
[PlyCount "54"]
[EventDate "2014.??.??"]

1. Nf3 Nf6 2. g3 b5 3. Bg2 Bb7 4. d4 e6 5. O-O d5 6. b3 Nbd7 7. c4 bxc4 8. bxc4
c5 9. cxd5 Nxd5 10. Ba3 Be7 11. Re1 O-O 12. e4 N5f6 13. Nbd2 cxd4 14. Bxe7 Qxe7
15. Nxd4 Rfd8 16. N4b3 Ne5 17. Qe2 a5 18. Qb5 Nd3 19. Re3 Nxf2 20. h3 a4 21.
Kxf2 axb3 22. Nxb3 Ba6 23. Qe5 Nd7 24. Qb2 Nb6 25. Ree1 Nc4 26. Qc3 Qa7+ 27.
Kf3 Rd3+ 0-1

[Event "Ch BLR 2014 w"]
[Site "?"]
[Date "2014.01.17"]
[Round "8.1"]
[White "Malatsilava, Volha"]
[Black "Revo, Tatiana"]
[Result "1-0"]
[WhiteElo "1939"]
[BlackElo "2079"]
[PlyCount "77"]
[EventDate "2014.??.??"]

1. e4 c5 2. Nf3 d6 3. d4 cxd4 4. Nxd4 Nf6 5. Nc3 a6 6. Be2 e6 7. Be3 Be7 8. O-O
O-O 9. f4 Nc6 10. Kh1 Qc7 11. Qe1 Bd7 12. Qg3 b5 13. a3 Rac8 14. Rad1 Kh8 15.
Bd3 e5 16. fxe5 dxe5 17. Nf5 Bxf5 18. Rxf5 Nd4 19. Rxe5 Bd6 20. Bxd4 Nh5 21.
Qg5 f6 22. Qxh5 Bxe5 23. Bxe5 fxe5 24. Nd5 Qd6 25. h3 Rf2 26. Ne3 g6 27. Qg5
Qc5 28. Ng4 Rff8 29. Qxe5+ Qxe5 30. Nxe5 Kg7 31. Kg1 Rcd8 32. Re1 Rd6 33. Nf3
Re8 34. Kf2 Rc6 35. e5 Rc5 36. Re4 h6 37. Rd4 Rc6 38. Rd7+ Kg8 39. Be4 1-0